<?xml version="1.0" encoding="UTF-8"?><?xml-stylesheet type="text/xsl" href="static/style.xsl"?><OAI-PMH xmlns="http://www.openarchives.org/OAI/2.0/" xmlns:xsi="http://www.w3.org/2001/XMLSchema-instance" xsi:schemaLocation="http://www.openarchives.org/OAI/2.0/ http://www.openarchives.org/OAI/2.0/OAI-PMH.xsd"><responseDate>2026-06-03T00:39:57Z</responseDate><request verb="GetRecord" identifier="oai:riuma.uma.es:10630/23745" metadataPrefix="marc">https://riuma.uma.es/rest/oai/request</request><GetRecord><record><header><identifier>oai:riuma.uma.es:10630/23745</identifier><datestamp>2026-02-03T12:41:13Z</datestamp><setSpec>com_10630_2254</setSpec><setSpec>col_10630_37957</setSpec></header><metadata><record xmlns="http://www.loc.gov/MARC21/slim" xmlns:dcterms="http://purl.org/dc/terms/" xmlns:doc="http://www.lyncode.com/xoai" xmlns:xsi="http://www.w3.org/2001/XMLSchema-instance" xsi:schemaLocation="http://www.loc.gov/MARC21/slim http://www.loc.gov/standards/marcxml/schema/MARC21slim.xsd">
   <leader>00925njm 22002777a 4500</leader>
   <datafield ind2=" " ind1=" " tag="042">
      <subfield code="a">dc</subfield>
   </datafield>
   <datafield ind2=" " ind1=" " tag="720">
      <subfield code="a">Pérez-Fernández, Javier</subfield>
      <subfield code="e">author</subfield>
   </datafield>
   <datafield ind2=" " ind1=" " tag="260">
      <subfield code="c">2022-02-03</subfield>
   </datafield>
   <datafield ind2=" " ind1=" " tag="520">
      <subfield code="a">El desarrollo de esta tesis ha permitido establecer una nueva estrategia de control biológico vehicular. Esto aumenta la seguridad en una condición de emergencia realizando un control del deslizamiento producido entre el neumático y el asfalto. Para ello es necesario realizar una estimación e identificación de las condiciones de adherencia, así como una intervención con el fin de maximizar los esfuerzos transmitidos del neumático al asfalto. Para la estimación, tanto de velocidades como de fuerzas, se ha utilizado un filtro de kalman extendido. Mientras para la identificación del tipo de carretera, así como el control del par en rueda se utiliza una red neuronal de impulsos. La principal novedad reside en el uso de una estructura de control, así como un algoritmo de aprendizaje inspirado en la biología. Esto es gracias a la similitud entre una neurona de impulsos y una neurona biológica ya que ambas codifican la información de forma temporal permitiendo hacer uso del sincronismo entre neuronas para aplicar un algoritmo de aprendizaje. Esto se fundamenta en que las redes biológicas que disparan en el mismo instante de tiempo reciben una potenciación en la unión sináptica mayor. Para ello se utilizará un método de aprendizaje dependiente del tiempo de disparo entre neuronas, modelando así la plasticidad sináptica, denominado STDP. Esto permite la adaptación del controlador ante la variabilidad de las condiciones de adherencia mientras se ejecutar el control apoyándose en la estabilidad que aporta la estructura basa en arcos del reflejo patelar y vestíbulo-ocular. Finalmente, mediante simulación y experimentación en vehículos de ensayos de dos y cuatro ruedas se han validado todos los componentes del control vehicular propuesto.</subfield>
   </datafield>
   <datafield ind1="8" ind2=" " tag="024">
      <subfield code="a">https://hdl.handle.net/10630/23745</subfield>
   </datafield>
   <datafield tag="653" ind2=" " ind1=" ">
      <subfield code="a">Redes neuronales</subfield>
   </datafield>
   <datafield tag="653" ind2=" " ind1=" ">
      <subfield code="a">Transporte-Control</subfield>
   </datafield>
   <datafield tag="653" ind2=" " ind1=" ">
      <subfield code="a">Teledetección</subfield>
   </datafield>
   <datafield ind2="0" ind1="0" tag="245">
      <subfield code="a">Development and implementation of active safety systems in vehicles using spiking neural networks</subfield>
   </datafield>
</record>
</metadata></record></GetRecord></OAI-PMH>